000 00556cam a2200205 4500
001 B619
008 090401t1986 xxu||||| |||| 00| 0 eng d
035 _a(Sirsi) u36904
041 _aeng
050 _a692.3095952
110 _aSingapore Institute of Surveyors and Valuers
_9448
245 _aStandard method of measurement of building works
250 _a2nd ed.
260 _aSingapore
_bSingapore Institute of Surveyors and Val
_c1986
300 _aviii,63p. ; 30cm.
350 _a0
650 _aSINGAPORE
942 _n0
948 _c04/03/1997
999 _c90403
_d90403